000 00673nas a2200217 4500
001 BR0202139
003 BR-BrBNA
005 20231205102917.0
007 ta
008 230509b bl.|||p| |||| 00| 00por d
040 _aBR-BrBNA
_bpor
_cBiblioteca Nacional de Agricultura
041 _a(Pt)
072 _aE70
100 1 _aLopes, M. de R.
245 1 _aPensar na Alca estrategicamente implica estar em dia com os novos paradigmas de competitividade
650 _aCOMÉRCIO EXTERIOR
650 _aALCA
773 0 _tAgroanalysis (Brazil)
_xISSN 0100-4298
_g(Jun 2001), v. 21(5) p. 58-59
_wBR0202139
909 _a202311
_bLúcia
_c55
_dLúcia Elande
942 _2AGRIS
_n0
_cANA
999 _c170025
_d170025